LIBRARY ONLINE CATALOGUE

The shaping of an effective leader : (Record no. 21735)

MARC details
000 -LEADER
fixed length control field 01181cam a22003134a 4500
001 - CONTROL NUMBER
control field 16908445
005 - DATE AND TIME OF LATEST TRANSACTION
control field 20260630155807.0
008 - FIXED-LENGTH DATA ELEMENTS--GENERAL INFORMATION
fixed length control field 110808s2011 ilu b 000 0 eng
010 ## - LIBRARY OF CONGRESS CONTROL NUMBER
LC control number 2011032882
020 ## - INTERNATIONAL STANDARD BOOK NUMBER
International Standard Book Number 9780830838202
035 ## - SYSTEM CONTROL NUMBER
System control number 16908445
040 ## - CATALOGING SOURCE
Original cataloging agency DLC
Transcribing agency DLC
Modifying agency DLC
042 ## - AUTHENTICATION CODE
Authentication code pcc
050 00 - LIBRARY OF CONGRESS CALL NUMBER
Classification number HD57.7
Item number .B433 2011
082 00 - DEWEY DECIMAL CLASSIFICATION NUMBER
Classification number 658.4/092
Edition number 23
100 1# - MAIN ENTRY--PERSONAL NAME
Personal name Beebe, Gayle D.
245 14 - TITLE STATEMENT
Title The shaping of an effective leader :
Remainder of title eight formative principles of leadership /
Statement of responsibility, etc. Gayle D. Beebe.
260 ## - PUBLICATION, DISTRIBUTION, ETC. (IMPRINT)
Place of publication, distribution, etc. Downers Grove, Ill. :
Name of publisher, distributor, etc. IVP Books,
Date of publication, distribution, etc. c2011.
300 ## - PHYSICAL DESCRIPTION
Extent 208 p. :
Other physical details ill. ;
Dimensions 21 cm.
504 ## - BIBLIOGRAPHY, ETC. NOTE
Bibliography, etc Includes bibliographical references.
600 10 - SUBJECT ADDED ENTRY--PERSONAL NAME
Personal name Drucker, Peter F.
Fuller form of name (Peter Ferdinand),
Dates associated with a name 1909-2005.
650 #0 - SUBJECT ADDED ENTRY--TOPICAL TERM
Topical term or geographic name as entry element Leadership.
650 #0 - SUBJECT ADDED ENTRY--TOPICAL TERM
Topical term or geographic name as entry element Leadership
General subdivision Moral and ethical aspects.
583 ## - ACTION NOTE
Action Cataloguing:
Time/date of action 20260630
Action agent mketermketer
906 ## - LOCAL DATA ELEMENT F, LDF (RLIN)
a 7
b cbc
c orignew
d 1
e ecip
f 20
g y-gencatlg
942 ## - ADDED ENTRY ELEMENTS (KOHA)
Source of classification or shelving scheme Library of Congress Classification
Koha item type General Collection
Holdings
Withdrawn status Lost status Source of classification or shelving scheme Not for loan Home library Current library Shelving location Date acquired Source of acquisition Inventory number Total Checkouts Full call number Barcode Date last seen Copy number Price effective from Koha item type
    Library of Congress Classification   Kabarak, Main Campus Kabarak, Main Campus General Stacks 30/06/2026 Donation 2026/3867   HD57.7 .B433 2011 C.1 38194 30/06/2026 C.1 30/06/2026 General Collection